000 00461nam a2200157Ia 4500
003 SGT
020 _a9788177581799
082 _a5.44
_bTAN
100 _aTanenbaum,Andrew S
245 _aDistributed operating systems
260 _bPearson
_aN.Delhi
_c2011
300 _a606p.
650 _aCOMPUTER SCIENCE
653 _aINTRODUCTION TO DISTRIBUTED SYSTEM, COMMUNICATION IN DISTRIBUTED SYSTEM, DISTRIBUTED FILE SYSTEM, CASE STUDY 22: DCE
942 _2ddc
_cBK
_05
999 _c5332
_d5332